000 02091cam a22003851i 4500
003 SA-RiAUC
005 20250202135558.0
008 250201s1987 ua g b 000r0 ara c
040 _aSA-JeALM
_bara
_cSA-RiAUC
_erda
050 4 _bI26 1987
082 0 4 _a235.1
090 _a235.1
_b ا ب ن ح
100 1 _aابن حجر العسقلاني، أحمد بن علي بن محمد،
_d773-852 هجري
_eمؤلف.
245 1 0 _aفتح الباري بشرح صحيح الإمام أبي عبد الله محمد بن إسماعيل البخاري /
_cللامام الحافظ أحمد بن علي بن حجر العسقلاني ؛ رقم كتبه وأبوابه وأحاديثه محمد فؤاد عبد الباقي ؛ راجعه قصي محب الدين. اخرجه وحققه محب الدين الخطيب.
246 3 3 _aالجامع الصحيح
246 3 2 _aهدى الساري مقدمة فتح الباري
250 _aالطبعة الثانية.
264 1 _aالقاهرة :
_bدار الريان للتراث،
_c1987
300 _a13 مجلد ؛
_c24 سم
336 _aنص
_btxt
_2rdacontent
_3كتاب
337 _aبدون وسيط
_bn
_2rdamedia
338 _aمجلد
_bnc
_2rdacarrier
500 _aيسمى أيضا الجامع الصحيح.
650 7 _aالحديث
_xشرح
_2aucsh
650 7 _aصحيح البخاري
_2aucsh
650 7 _aالحديث
_xالإسناد الصحيح
_2aucsh
700 1 _aعبد الباقي، محمد فؤاد،
_d1882-1968
_eمرقم.
700 1 _aالخطيب، قصي محب الدين
_eمراجع.
700 1 2 _aالبخاري، محمد بن إسماعيل بن إبراهيم،
_d194-256 هجري
700 _aالخطيب، محب الدين
_eمحقق.
740 0 2 _aصحيح البخاري، المسمى، الجامع الصحيح المسند من حديث رسول الله وسننه وأيامه.
740 2 2 _aالجامع الصحيح المسند من حديث رسول الله وسننه وأيامه.
942 _2ddc
_cBOOK
_n0
949 _aSA-JeALM
_d250201
_uosman123
_n1
999 _c5484
_d5484